Updated: Middle East Countries Targeted in US/Iran Conflict - Statistics

General Stats
  • This quiz has been taken 54 times
    34 since last reset
  • The average score is 11 of 12
Answer Stats
Country % Correct
Israel
96%
Oman
96%
United Arab Emirates
96%
Iraq
93%
Qatar
93%
Bahrain
89%
Saudi Arabia
89%
Jordan
86%
Kuwait
86%
Iran
82%
Lebanon
82%
Cyprus
61%
No matching quizzes found
Score Distribution
Percent of People with Each Score
Percentile by Number Answered
Your Score History
You have not taken this quiz since the last reset